[Event "East Lansing (Class B/2/6)"]
[Site "?"]
[Date "1995.??.??"]
[Round "?"]
[White "Velasquez, A."]
[Black "Foord, Allan"]
[Result "1/2-1/2"]
[WhiteElo "1715"]
[BlackElo "1665"]
[PlyCount "100"]
[EventDate "1995.??.??"]

{2/(6)} 1. d4 Nf6 2. Nf3 g6 3. Bg5 Bg7 4. e3 d5 5. Nbd2 Bd7 6. Bd3 b5 7. c3 a5
8. Ne5 c6 9. O-O Bc8 10. f4 e6 11. Qf3 Qd6 12. Rae1 O-O 13. e4 dxe4 14. Nxe4
Nxe4 15. Bxe4 Bb7 16. Bh4 Ra6 17. Bf2 Nd7 18. Nxd7 Qxd7 19. h4 f5 20. Bd3 c5
21. Qe2 cxd4 22. Bxb5 Qd5 23. Bg3 Rb6 24. c4 Qe4 25. Qd2 Qxg2+ 26. Qxg2 Bxg2
27. Kxg2 Rd8 28. Bf2 Rbd6 29. Rd1 e5 30. fxe5 Bxe5 31. Bg3 Bxg3 32. Kxg3 d3 33.
Rd2 Re6 34. c5 Re5 35. Rxd3 Rxd3+ 36. Bxd3 Rxc5 37. h5 Kg7 38. hxg6 hxg6 39. a3
Kf6 40. Rf4 g5 41. Rc4 Rd5 42. Bc2 Ke5 43. b4 axb4 44. axb4 Kd6 45. Kf3 Rb5 46.
Ba4 Rd5 47. b5 Rc5 48. Rxc5 Kxc5 49. Ke3 g4 50. Kf4 Kb6 1/2-1/2

[Event "East Lansing (Class B/5/1)"]
[Site "?"]
[Date "1995.??.??"]
[Round "?"]
[White "Velasquez, A."]
[Black "Carr, J."]
[Result "1-0"]
[WhiteElo "1715"]
[BlackElo "1725"]
[PlyCount "105"]
[EventDate "1995.??.??"]

{5/(1)} 1. d4 d5 2. e3 Nf6 3. Nd2 Bf5 4. Bd3 Bxd3 5. cxd3 c6 6. Ngf3 Nbd7 7. e4
dxe4 8. dxe4 e6 9. O-O Be7 10. Re1 O-O 11. e5 Nd5 12. Ne4 c5 13. Bg5 Rc8 14.
Rc1 b6 15. Bxe7 Qxe7 16. Nd6 Rc7 17. Qd2 cxd4 18. Rxc7 Nxc7 19. Qxd4 Nd5 20.
Rc1 Nc5 21. b4 Nb7 22. Nxb7 Qxb7 23. Nd2 Rc8 24. Rc4 Ne7 25. b5 Qd5 26. Qxd5
exd5 27. Rxc8+ Nxc8 28. Nb3 Kf8 29. Nd4 Ke7 30. f4 Kd7 31. Kf1 Ne7 32. Ke2 f6
33. exf6 gxf6 34. g4 Kd6 35. Kd3 Ng6 36. Ke3 Kc5 37. a4 Nxf4 38. Nc6 Ne6 39.
Nxa7 d4+ 40. Kd2 Ng5 41. Ke2 Kc4 42. a5 d3+ 43. Kd1 Ne4 44. axb6 Nd6 45. Nc8
Nb7 46. Ne7 Kd4 47. Kd2 Ke4 48. Ng8 f5 49. gxf5 Kxf5 50. Kxd3 Ke6 51. Kd4 Kd6
52. Nf6 h6 53. Ne4+ 1-0

[Event "Troy (US Am N/3/26)"]
[Site "?"]
[Date "1995.??.??"]
[Round "?"]
[White "Vega, D."]
[Black "Kyser, Bob"]
[Result "0-1"]
[WhiteElo "1730"]
[BlackElo "1605"]
[PlyCount "56"]
[EventDate "1995.??.??"]

{3/(26)} 1. e4 e5 2. Nf3 Nc6 3. Bb5 a6 4. Ba4 Nf6 5. O-O Nxe4 6. d4 b5 7. Bb3
Qf6 8. Re1 Nxf2 9. Kxf2 d6 10. Nc3 Be6 11. Nd5 Qd8 12. dxe5 dxe5 13. Ng5 Bc5+
14. Kf1 O-O 15. Nxh7 Kxh7 16. Qh5+ Kg8 17. Re4 Bxd5 18. Bxd5 Qxd5 19. Rh4 f6
20. Bh6 Qf7 21. Bxg7 Qxh5 22. Rxh5 Kxg7 23. Rd1 Rad8 24. Re1 Rh8 25. Rf5 Rxh2
26. Re4 Rh1+ 27. Ke2 Nd4+ 28. Rxd4 Rxd4 0-1

[Event "Troy (US Am N/5/24)"]
[Site "?"]
[Date "1995.??.??"]
[Round "?"]
[White "Vega, D."]
[Black "Gentry, Bronson"]
[Result "1/2-1/2"]
[WhiteElo "1730"]
[BlackElo "1605"]
[PlyCount "116"]
[EventDate "1995.??.??"]

{5/(24)} 1. e4 c5 2. Nf3 Nc6 3. g3 g6 4. Bg2 Bg7 5. c3 Qb6 6. O-O d6 7. Na3 Bg4
8. Qa4 Bxf3 9. Nc4 Qc7 10. Bxf3 a6 11. Ne3 b5 12. Nd5 Qb7 13. Qc2 Nf6 14. Ne3
Ne5 15. Bg2 Rc8 16. h3 Qd7 17. f4 Nc6 18. d3 b4 19. Nc4 Qc7 20. Bd2 bxc3 21.
bxc3 O-O 22. Qa4 Nd7 23. Ne3 Qa5 24. Qxa5 Nxa5 25. Rab1 Rb8 26. Kf2 Nb6 27. Nc2
Na4 28. d4 Nc4 29. Be3 Nxe3 30. Kxe3 Nxc3 31. Rb3 cxd4+ 32. Nxd4 Bxd4+ 33. Kxd4
Ne2+ 34. Ke3 Rxb3+ 35. axb3 Nxg3 36. Ra1 Rb8 37. Ra3 f5 38. exf5 Nxf5+ 39. Kd3
Kf7 40. Bd5+ e6 41. Bc4 d5 42. Bxa6 Ra8 43. b4 Nd6 44. Ra5 Ne8 45. Kd4 Ke7 46.
Kc5 Kd8 47. Kc6 h6 48. Bd3 Rc8+ 49. Kb6 Rb8+ 50. Kc5 Nf6 51. b5 g5 52. fxg5
hxg5 53. Kd6 Ne4+ 54. Kxe6 Nc5+ 55. Kxd5 Nxd3 56. Ke4 Nf2+ 57. Kf3 Nxh3 58. Kg4
Nf4 1/2-1/2

[Event "Troy (US Am N/1/37)"]
[Site "?"]
[Date "1995.??.??"]
[Round "?"]
[White "Vega, D."]
[Black "Cunningham, C."]
[Result "1-0"]
[WhiteElo "1730"]
[BlackElo "1605"]
[PlyCount "84"]
[EventDate "1995.??.??"]

{1/(37)} 1. e4 e5 2. Nf3 Nc6 3. Bb5 Bc5 4. c3 Nf6 5. d4 exd4 6. cxd4 Bb4+ 7.
Bd2 Qe7 8. O-O O-O 9. e5 Ne4 10. Qe2 Nxd2 11. Nbxd2 d5 12. Rac1 Bg4 13. Nb3 Qe6
14. a3 Be7 15. Rc3 Qg6 16. Rfc1 Bd7 17. Bxc6 Bxc6 18. Na5 Rab8 19. Nxc6 bxc6
20. Rxc6 Qe4 21. Qd2 Rfc8 22. Re1 Qg4 23. h3 Qf5 24. b4 Rb6 25. Rc3 h6 26. Nh2
Rcb8 27. Rf3 Qg6 28. Ng4 Rxb4 29. axb4 Bxb4 30. Qb2 a5 31. Rc1 Qb6 32. Qc2 c5
33. Qf5 Rb7 34. Qc8+ Kh7 35. dxc5 Qa7 36. Qf5+ Kg8 37. Nxh6+ gxh6 38. Rg3+ Kf8
39. Qc8+ Ke7 40. Qc6 Kf8 41. Qxh6+ Ke7 42. Qd6+ Ke8 1-0

[Event "Detroit (WCO/1/12)"]
[Site "?"]
[Date "1995.??.??"]
[Round "?"]
[White "Vaughn, Gerald"]
[Black "Zorn, J."]
[Result "1-0"]
[WhiteElo "1605"]
[BlackElo "1605"]
[PlyCount "99"]
[EventDate "1995.??.??"]

{1/(12)} 1. e4 e5 2. Nf3 Nc6 3. Bc4 Nf6 4. Ng5 Qe7 5. Nxf7 Rg8 6. Nc3 Qc5 7. d3
d6 8. h3 Be7 9. Bg5 Rf8 10. Bxf6 Bxf6 11. Qh5 Nd4 12. O-O-O g6 13. Qxh7 Bd7 14.
Qxg6 Bc6 15. Nxd6+ Ke7 16. Nf5+ Nxf5 17. Qxf5 b5 18. Qe6+ Kd8 19. Bd5 Bxd5 20.
Qxd5+ Qxd5 21. Nxd5 Bg5+ 22. Kb1 Rxf2 23. g4 Kd7 24. Rdf1 Raf8 25. Rxf2 Rxf2
26. h4 Bxh4 27. a4 c6 28. Rxh4 cxd5 29. exd5 bxa4 30. Rh7+ Kd6 31. c4 Kc5 32.
Rxa7 Kb4 33. Rb7+ Ka5 34. d6 a3 35. Ra7+ Kb4 36. Rxa3 Rf1+ 37. Ka2 Rf8 38. Rb3+
Kc5 39. d7 Rd8 40. Rb5+ Kd4 41. Rd5+ Ke3 42. g5 Kf4 43. g6 e4 44. dxe4 Kxe4 45.
g7 Ke3 46. b4 Kf4 47. c5 Ke4 48. Rg5 Kf4 49. g8=Q Rxg8 50. Rxg8 1-0

[Event "Troy (US Am N/2/43)"]
[Site "?"]
[Date "1995.??.??"]
[Round "?"]
[White "Vaughn, Gerald"]
[Black "West, L."]
[Result "1-0"]
[WhiteElo "1605"]
[BlackElo "1605"]
[PlyCount "103"]
[EventDate "1995.??.??"]

{2/(43)} 1. e4 e5 2. Nf3 Nc6 3. Bc4 Nf6 4. Ng5 d6 5. Nxf7 Qe7 6. Nxh8 Be6 7.
Bxe6 Qxe6 8. Nc3 O-O-O 9. d3 Be7 10. Ng6 hxg6 11. Bg5 Rf8 12. h3 Qf7 13. Qd2
Nh5 14. Bxe7 Nxe7 15. g3 Qf3 16. Rf1 Nxg3 17. Rg1 Nh5 18. Qe3 Qf6 19. O-O-O Nf4
20. Qxa7 Nc6 21. Qe3 Nd4 22. Rd2 Qh4 23. Rg4 Qh5 24. Qg3 Nxh3 25. Rh4 Qg5 26.
Qxh3+ Kd8 27. Rg4 Qf6 28. Qh4 Qxh4 29. Rxh4 Nf3 30. Rg4 Nxd2 31. Kxd2 Rxf2+ 32.
Kd1 Rf6 33. Ke2 c6 34. b4 b5 35. Nd1 Ke7 36. c4 bxc4 37. dxc4 Kf7 38. Rg3 Re6
39. Rf3+ Ke7 40. Ne3 Ke8 41. b5 cxb5 42. Nd5 Kd8 43. cxb5 g5 44. Rf8+ Kd7 45.
Rf7+ Kd8 46. Rxg7 Rh6 47. b6 Rh2+ 48. Kf3 Rxa2 49. b7 Rb2 50. Rg8+ Kd7 51. b8=Q
Rxb8 52. Rxb8 1-0

[Event "Troy (US Am N/4/28)"]
[Site "?"]
[Date "1995.??.??"]
[Round "?"]
[White "Vaughn, Gerald"]
[Black "Rosenberg, Steve"]
[Result "0-1"]
[WhiteElo "1605"]
[BlackElo "1740"]
[PlyCount "84"]
[EventDate "1995.??.??"]

{4/(28)} 1. d4 Nf6 2. Nf3 g6 3. g3 Bg7 4. c4 d6 5. Bg2 O-O 6. O-O Nbd7 7. Nc3
e5 8. d5 h6 9. e4 Nc5 10. Ne1 a5 11. Be3 Na6 12. f4 Ng4 13. Bd2 exf4 14. Rxf4
Bd4+ 15. Kf1 Nxh2+ 16. Ke2 g5 17. Rh4 gxh4 18. Bxh6 Bg4+ 19. Bf3 Nxf3 20. Nxf3
Bxf3+ 21. Kxf3 Qf6+ 22. Bf4 hxg3 23. Kxg3 Qg6+ 24. Kf3 Qh5+ 25. Kg2 Qxd1 26.
Rxd1 Bxc3 27. bxc3 Nc5 28. Rg1 f6 29. Bh6 Rf7 30. Kf3+ Kh7 31. Rh1 Kg6 32. Bf4
Rh7 33. Rg1+ Kf7 34. Rf1 Rg8 35. e5 dxe5 36. Be3 Rh3+ 37. Ke2 Rg2+ 38. Bf2 Ne4
39. c5 Nxf2 40. Rxf2 Rxf2+ 41. Kxf2 Rxc3 42. d6 Rxc5 0-1

[Event "Troy (US Am N/6/30)"]
[Site "?"]
[Date "1995.??.??"]
[Round "?"]
[White "Vaughn, Gerald"]
[Black "Kyser, Bob"]
[Result "1-0"]
[WhiteElo "1605"]
[BlackElo "1650"]
[PlyCount "54"]
[EventDate "1995.??.??"]

{6/(30)} 1. e4 e5 2. Nf3 Nc6 3. Bc4 Nf6 4. Ng5 d5 5. exd5 Nxd5 6. Nxf7 Kxf7 7.
Qf3+ Qf6 8. Bxd5+ Be6 9. Bxe6+ Kxe6 10. Qb3+ Kd7 11. Qxb7 Bc5 12. O-O Rhf8 13.
Qb3 Qxf2+ 14. Rxf2 Rxf2 15. Qd5+ Kc8 16. Qxc5 Rf6 17. Nc3 Kb7 18. Qb5+ Kc8 19.
Nd5 Rb8 20. Qa6+ Kd7 21. Nxf6+ gxf6 22. Qd3+ Nd4 23. c3 c5 24. cxd4 e4 25. Qxe4
Re8 26. Qxh7+ Re7 27. Qxe7+ Kxe7 1-0

[Event "East Lansing (Class C/2/17)"]
[Site "?"]
[Date "1995.??.??"]
[Round "?"]
[White "Vaughn, Gerald"]
[Black "Jensen, D."]
[Result "0-1"]
[WhiteElo "1605"]
[BlackElo "1605"]
[PlyCount "97"]
[EventDate "1995.??.??"]

{2/(17)} 1. d4 Nf6 2. c4 e6 3. Nf3 d5 4. g3 c5 5. Nc3 Nc6 6. Bg2 Be7 7. O-O b6
8. cxd5 exd5 9. Qa4 Bd7 10. Ng5 Nxd4 11. Qd1 Bc6 12. Bf4 Rc8 13. Bh3 Bd7 14.
Bxd7+ Qxd7 15. e3 Ne6 16. Nxe6 Qxe6 17. Qf3 O-O 18. Rfd1 Rcd8 19. Nb5 Ne8 20.
Nxa7 g5 21. Be5 f6 22. Bc3 Nc7 23. a4 Ra8 24. Nb5 Nxb5 25. axb5 Qe4 26. Qxe4
dxe4 27. Rxa8 Rxa8 28. Rd7 Kf7 29. Rb7 Rd8 30. Rxb6 Rd6 31. Rb7 Ke6 32. Ba5 Bd8
33. Bxd8 Rxd8 34. Rxh7 Rb8 35. h4 Rxb5 36. hxg5 fxg5 37. Rh6+ Kd5 38. Rh5 Rxb2
39. Rxg5+ Kc4 40. Rf5 Rb5 41. g4 Kb4 42. Rf4 Kb3 43. g5 c4 44. Rxe4 Rxg5+ 45.
Kf1 c3 46. Ke2 c2 47. Kd2 Rd5+ 48. Rd4 Rxd4+ 49. exd4 0-1

[Event "East Lansing (Class C/4/16)"]
[Site "?"]
[Date "1995.??.??"]
[Round "?"]
[White "Vaughn, Gerald"]
[Black "Dalimonte, A."]
[Result "1/2-1/2"]
[WhiteElo "1605"]
[BlackElo "1605"]
[PlyCount "104"]
[EventDate "1995.??.??"]

{4/(16)} 1. e4 e5 2. Nf3 Nc6 3. Bc4 d6 4. O-O Na5 5. Be2 Be6 6. c3 Qd7 7. Ng5
Bc4 8. Bxc4 Nxc4 9. d3 Nb6 10. Be3 h6 11. Nh3 Nf6 12. f4 exf4 13. Rxf4 Be7 14.
d4 O-O 15. Nd2 Rae8 16. Qf3 Nh7 17. Rf1 Ng5 18. Nxg5 Bxg5 19. Rf5 Bxe3+ 20.
Qxe3 f6 21. Qg3 Re7 22. Rxf6 Rxf6 23. Rxf6 Re6 24. Rxe6 Qxe6 25. d5 Qf6 26. b3
Nd7 27. Qh3 Qf4 28. Qe6+ Kh8 29. Nf1 Nf6 30. Qc8+ Kh7 31. Qf5+ Qxf5 32. exf5
Nxd5 33. c4 Nb4 34. a3 Nd3 35. Ne3 c6 36. g4 Kg8 37. Kf1 Kf7 38. b4 a6 39. Ke2
Ne5 40. h3 Ke7 41. c5 d5 42. Nc2 Nf7 43. Ke3 Nd8 44. Nd4 Kf6 45. Kf4 Ke7 46.
Nf3 Nf7 47. h4 Kf6 48. a4 Ke7 49. Ne5 Nxe5 50. Kxe5 Kf7 51. g5 hxg5 52. hxg5
Ke7 1/2-1/2

[Event "East Lansing (MOR/1b/8)"]
[Site "?"]
[Date "1995.??.??"]
[Round "?"]
[White "Vangilder, W."]
[Black "Zubatch, Steve"]
[Result "0-1"]
[WhiteElo "1605"]
[BlackElo "1720"]
[PlyCount "106"]
[EventDate "1995.??.??"]

1. d4 Nf6 2. c4 g6 3. Nc3 Bg7 4. e4 d6 5. Nf3 O-O 6. Be2 e5 7. d5 Nh5 8. O-O f5
9. Ne1 Nf6 10. f3 f4 11. Nd3 Nbd7 12. b4 a5 13. Rb1 axb4 14. Rxb4 Rf7 15. Bd2
Bf8 16. Be1 g5 17. Rb2 Rg7 18. Bf2 h5 19. Kh1 h4 20. Qc1 Nh5 21. Kg1 Rh7 22. c5
dxc5 23. Nd1 b6 24. Be1 Qe8 25. N3f2 Ndf6 26. Bb5 Bd7 27. Bxd7 Qxd7 28. Qc4 Bd6
29. Nc3 Kg7 30. Nd3 Rhh8 31. Nb5 Rhb8 32. Bc3 Qe7 33. Rfb1 Nd7 34. Nf2 Nhf6 35.
Nh3 Nh5 36. Nf2 Qd8 37. Nd3 Qc8 38. Nf2 Ra6 39. Nh3 Kg6 40. Nf2 Rba8 41. Nxd6
cxd6 42. Ra1 Nhf6 43. Qb5 Ne8 44. Nd3 Kf6 45. Nf2 Nc7 46. Ng4+ Ke7 47. Qe2 b5
48. Nh6 Nb6 49. Nf5+ Kd7 50. Rc2 b4 51. Be1 b3 52. Rb2 Ra3 53. Bb4 cxb4 0-1

[Event "Grand Rapids (MI Am/2/18)"]
[Site "?"]
[Date "1995.??.??"]
[Round "?"]
[White "Vangilder, W."]
[Black "Thurman, John"]
[Result "1/2-1/2"]
[WhiteElo "1605"]
[BlackElo "1750"]
[PlyCount "58"]
[EventDate "1995.??.??"]

{2/(18)} 1. d4 Nf6 2. c4 e6 3. Nc3 Bb4 4. Qc2 O-O 5. Bg5 d5 6. cxd5 exd5 7. e3
h6 8. Bh4 g5 9. Bg3 Ne4 10. Bd3 f5 11. f4 Bxc3+ 12. bxc3 Qe7 13. Ne2 g4 14.
Bxe4 Qxe4 15. Qxe4 dxe4 16. O-O Be6 17. Rfd1 Bc4 18. Nc1 Rd8 19. Nb3 b6 20. Bh4
Rd7 21. Nd2 Bd3 22. c4 Na6 23. a3 Kf7 24. Rac1 c6 25. Rc3 Nc7 26. Nb3 Na6 27.
Nc1 Bb1 28. Nb3 Bd3 29. Nc1 Bb1 1/2-1/2

[Event "Troy (US Am N/1/18)"]
[Site "?"]
[Date "1995.??.??"]
[Round "?"]
[White "Vangilder, W."]
[Black "Skidmore, Jennifer"]
[Result "0-1"]
[WhiteElo "1605"]
[BlackElo "1920"]
[PlyCount "40"]
[EventDate "1995.??.??"]

{1/(18)} 1. d4 d5 2. c4 e6 3. Nc3 c6 4. cxd5 exd5 5. Qc2 Nf6 6. Bg5 h6 7. Bh4
Bb4 8. e3 O-O 9. Bd3 Re8 10. Nf3 Nbd7 11. O-O b6 12. a3 Bd6 13. b4 Bb7 14. Rab1
Rc8 15. Rfc1 Qc7 16. Nb5 cxb5 17. Qxc7 Rxc7 18. Rxc7 Bxc7 19. Rc1 Rc8 20. Bxb5
Bxh2+ 0-1

[Event "Ann Arbor (HVA/4/9)"]
[Site "?"]
[Date "1995.??.??"]
[Round "?"]
[White "Vangilder, W."]
[Black "Serwatowski, Felix"]
[Result "1-0"]
[WhiteElo "1605"]
[BlackElo "1605"]
[PlyCount "81"]
[EventDate "1995.??.??"]

{4/(9)} 1. d4 d5 2. c4 e6 3. Nc3 Nf6 4. cxd5 exd5 5. Bg5 Be7 6. e3 c6 7. Bd3
Ne4 8. Bxe7 Qxe7 9. Nf3 O-O 10. Ne5 f6 11. Nf3 Bf5 12. Ne2 Bg4 13. Nh4 f5 14.
g3 Bh3 15. Nf4 Ng5 16. Nxh3 Nxh3 17. Qh5 g6 18. Nxg6 hxg6 19. Qxh3 Qb4+ 20. Kf1
Kg7 21. Qh4 Nd7 22. Qg5 Rae8 23. Kg2 Qe7 24. Qf4 Nf6 25. Qf3 Ne4 26. Bxe4 Qxe4
27. Qxe4 dxe4 28. Rac1 Rd8 29. Rc5 Rf6 30. Rhc1 Kf7 31. b4 a6 32. a4 Rc8 33. b5
b6 34. Rxc6 Rfxc6 35. Rxc6 Rxc6 36. bxc6 Ke7 37. d5 Kd6 38. Kf1 b5 39. axb5
axb5 40. Ke1 g5 41. h4 1-0

[Event "Eastpointe (MCO/3/24)"]
[Site "?"]
[Date "1995.??.??"]
[Round "?"]
[White "Vangilder, W."]
[Black "Sattler, Peter"]
[Result "1-0"]
[WhiteElo "1605"]
[BlackElo "1725"]
[PlyCount "107"]
[EventDate "1995.??.??"]

{3/(24)} 1. d4 d5 2. c4 e6 3. Nc3 Nf6 4. cxd5 exd5 5. Bg5 Be7 6. e3 O-O 7. Qc2
Nc6 8. a3 h6 9. Bh4 Re8 10. Be2 Be6 11. Nf3 Nh5 12. Bxe7 Qxe7 13. Qb3 Rab8 14.
Qc2 Nf6 15. b4 a6 16. O-O Rbd8 17. Rab1 Na7 18. a4 c6 19. b5 axb5 20. axb5 Rc8
21. bxc6 bxc6 22. Na4 Nb5 23. Qc5 Bf5 24. Qxe7 Rxe7 25. Rbc1 Ne4 26. Nc5 Nec3
27. Bxb5 Nxb5 28. Ne5 f6 29. Ned3 Nd6 30. Ra1 Nc4 31. Ra6 Rec7 32. Rfa1 Nd6 33.
Ra8 Ne4 34. Rxc8+ Bxc8 35. Nxe4 dxe4 36. Nc5 f5 37. Kf1 Kf7 38. Ke2 Be6 39.
Nxe6 Kxe6 40. Kd2 Rb7 41. Rc1 Kd6 42. Kc2 g5 43. Ra1 Kd5 44. Ra5+ Rb5 45. Rxb5+
cxb5 46. Kb3 f4 47. Kb4 Kc6 48. g4 Kb6 49. h3 Kc6 50. Ka5 f3 51. Kb4 Kb6 52. d5
Ka6 53. d6 Kb6 54. d7 1-0

[Event "Eastpointe (MCO/4/18)"]
[Site "?"]
[Date "1995.??.??"]
[Round "?"]
[White "Vangilder, W."]
[Black "Pope, Nick"]
[Result "0-1"]
[WhiteElo "1605"]
[BlackElo "1795"]
[PlyCount "50"]
[EventDate "1995.??.??"]

{4/(18)} 1. d4 d5 2. c4 Bf5 3. Nc3 e6 4. Bf4 Bd6 5. Bxd6 Qxd6 6. cxd5 exd5 7.
e3 Nf6 8. Nge2 c6 9. Ng3 Bg6 10. Bd3 Nbd7 11. Nf5 Bxf5 12. Bxf5 g6 13. Bd3 O-O
14. O-O Kg7 15. Qc2 Ng4 16. g3 h5 17. h4 Nxe3 18. fxe3 Qxg3+ 19. Kh1 Qxh4+ 20.
Qh2 Qxh2+ 21. Kxh2 Nf6 22. Rxf6 Kxf6 23. e4 dxe4 24. Nxe4+ Kg7 25. Rf1 Rad8 0-1

[Event "Troy (TCC Res/2/22)"]
[Site "?"]
[Date "1995.??.??"]
[Round "?"]
[White "Vangilder, W."]
[Black "O'Dell, Ray"]
[Result "1-0"]
[WhiteElo "1605"]
[BlackElo "1605"]
[PlyCount "120"]
[EventDate "1995.??.??"]

{2/(22)} 1. d4 d5 2. c4 dxc4 3. Qa4+ Nc6 4. Nf3 e6 5. Qxc4 Qd5 6. Qxd5 exd5 7.
a3 Be7 8. Bf4 Bf6 9. e3 Bg4 10. Nbd2 O-O-O 11. Bb5 Nge7 12. O-O Bxf3 13. Nxf3
h6 14. Rac1 g5 15. Bg3 Nf5 16. Bxc6 Nxg3 17. hxg3 bxc6 18. Rxc6 Rd6 19. Rfc1
Rxc6 20. Rxc6 Bg7 21. Ne1 Kb7 22. Rc5 c6 23. Nd3 f6 24. b4 a6 25. Rc3 Bf8 26.
Kf1 h5 27. Kg1 Bd6 28. a4 Rh6 29. Kf1 h4 30. gxh4 Rxh4 31. g3 Rh1+ 32. Ke2 g4
33. Nc5+ Bxc5 34. dxc5 Kc7 35. Rd3 Rb1 36. Rd4 Rb2+ 37. Kd3 f5 38. Rf4 Kd7 39.
Kc3 Ra2 40. Kb3 Re2 41. Rxf5 Ke7 42. Rf4 Ke6 43. Kc3 Ra2 44. a5 Ke5 45. Kd3 Ke6
46. e4 Ke5 47. exd5 Kxd5 48. Rf6 Ra3+ 49. Ke2 Rb3 50. Rf4 Rb2+ 51. Kf1 Rc2 52.
Rxg4 Rc4 53. Rxc4 Kxc4 54. g4 Kxb4 55. g5 Kxc5 56. g6 Kb4 57. g7 c5 58. g8=Q c4
59. Ke1 Kb3 60. Kd1 Kc3 1-0

[Event "East Lansing (MOR/5/35)"]
[Site "?"]
[Date "1995.??.??"]
[Round "?"]
[White "Vangilder, W."]
[Black "Nikitin, Mike"]
[Result "1/2-1/2"]
[WhiteElo "1605"]
[BlackElo "1605"]
[PlyCount "60"]
[EventDate "1995.??.??"]

{5/(35)} 1. d4 Nf6 2. c4 g6 3. Nc3 Bg7 4. e4 d6 5. Nf3 O-O 6. Be2 c5 7. d5 a6
8. O-O Nbd7 9. a4 Ng4 10. Bd2 Nge5 11. Qc1 Nxf3+ 12. Bxf3 Ne5 13. Be2 f5 14.
Bh6 Rf7 15. Bxg7 Rxg7 16. Qd2 Qa5 17. Rfe1 Qb4 18. f4 Nxc4 19. Bxc4 Qxc4 20. e5
Bd7 21. b3 Qb4 22. e6 Bc8 23. a5 b5 24. axb6 Qxb6 25. Na4 Qa7 26. Qa5 Bb7 27.
Nb6 Re8 28. Qa4 Qb8 29. Nd7 Qd8 30. Red1 Qa8 1/2-1/2

[Event "Gaylord (NMO/4/17)"]
[Site "?"]
[Date "1995.??.??"]
[Round "?"]
[White "Vangilder, W."]
[Black "Morio, J."]
[Result "1-0"]
[WhiteElo "1605"]
[BlackElo "1605"]
[PlyCount "107"]
[EventDate "1995.??.??"]

{4/(17)} 1. d4 d5 2. c4 g6 3. cxd5 Qxd5 4. Nc3 Qd8 5. Nf3 Bg7 6. Bf4 c6 7. e3
Bg4 8. Qb3 Bxf3 9. Qxb7 Nd7 10. gxf3 e5 11. dxe5 Bxe5 12. Bxe5 Nxe5 13. Be2 Ne7
14. f4 Nd7 15. Rd1 Nd5 16. Nxd5 O-O 17. Nc3 Rb8 18. Qxd7 Qa5 19. O-O Rfd8 20.
Qxc6 Rdc8 21. Qf6 Qc7 22. Rd2 Rb6 23. Qh4 Qb8 24. Qg3 Rxb2 25. Rxb2 Qxb2 26.
Qg4 Qxc3 27. Rd1 Qc2 28. Rf1 Rd8 29. Rd1 Rf8 30. Rf1 Qxa2 31. Rc1 Kg7 32. Rc7
a5 33. Bc4 Qb1+ 34. Kg2 Qb6 35. Qd7 Qf6 36. Ra7 h5 37. h3 g5 38. f5 h4 39. Qd4
Qxd4 40. exd4 Kf6 41. Rxa5 Rc8 42. Rc5 Rd8 43. Rd5 Rc8 44. Bb5 Rb8 45. Kf3 Kg7
46. Kg4 Kf6 47. Rd6+ Ke7 48. Rd5 f6 49. Rd7+ Kf8 50. Bc4 Rb6 51. f4 Ke8 52. Be6
Rb8 53. fxg5 Rb7 54. Rxb7 1-0

[Event "Troy (US Am N/3/24)"]
[Site "?"]
[Date "1995.??.??"]
[Round "?"]
[White "Vangilder, W."]
[Black "Key_Smith, G."]
[Result "0-1"]
[WhiteElo "1605"]
[BlackElo "1745"]
[PlyCount "90"]
[EventDate "1995.??.??"]

{3/(24)} 1. d4 Nf6 2. c4 g6 3. Nc3 Bg7 4. e4 d6 5. Be2 O-O 6. Nf3 Nbd7 7. O-O
e5 8. d5 Nc5 9. Nd2 a5 10. Rb1 Ne8 11. b3 f5 12. f3 f4 13. a3 Nf6 14. b4 axb4
15. axb4 Ncd7 16. Nb3 Nh5 17. Bd2 Qg5 18. Be1 Ndf6 19. c5 Bh3 20. Rf2 Ng3 21.
Bf1 Nxf1 22. Kxf1 Bd7 23. cxd6 cxd6 24. Na5 Rfb8 25. Ra1 Ne8 26. Nb3 Qd8 27.
Rxa8 Rxa8 28. Na5 Qb6 29. Na4 Qb5+ 30. Kg1 Qxa4 31. Qb1 Qb5 32. Rb2 Bf6 33. Qc2
Rc8 34. Qb1 b6 35. Nb3 Qc4 36. Nd2 Qc1 37. Qa2 Qxe1+ 38. Nf1 Bb5 39. Rb1 Rc1
40. Rxc1 Qxc1 41. Qf2 Bh4 42. g3 fxg3 43. hxg3 Bxg3 44. Qxg3 Qxf1+ 45. Kh2 Bd7
0-1

[Event "East Lansing (MOR/7/22)"]
[Site "?"]
[Date "1995.??.??"]
[Round "?"]
[White "Vangilder, W."]
[Black "Kane, Paul"]
[Result "0-1"]
[WhiteElo "1605"]
[BlackElo "1605"]
[PlyCount "46"]
[EventDate "1995.??.??"]

{7/(22)} 1. d4 d5 2. c4 c6 3. cxd5 cxd5 4. Nc3 Nf6 5. Nf3 Nc6 6. Bf4 Bf5 7. e3
a6 8. Ne5 e6 9. Nxc6 bxc6 10. Bd3 Bxd3 11. Qxd3 Be7 12. O-O O-O 13. Be5 Nd7 14.
Bg3 c5 15. e4 cxd4 16. Qxd4 Bf6 17. Qd3 Nc5 18. Qc2 Bxc3 19. exd5 Bd4 20. dxe6
Nxe6 21. Rad1 Qb6 22. b3 Rac8 23. Qe4 Bf6 0-1

[Event "East Lansing (MOR/3/23)"]
[Site "?"]
[Date "1995.??.??"]
[Round "?"]
[White "Vangilder, W."]
[Black "Griffin, John"]
[Result "1/2-1/2"]
[WhiteElo "1605"]
[BlackElo "1605"]
[PlyCount "49"]
[EventDate "1995.??.??"]

{3/(23)} 1. d4 Nf6 2. c4 e6 3. Nc3 d5 4. cxd5 exd5 5. Bg5 Be7 6. e3 O-O 7. Qc2
Nbd7 8. Bd3 Re8 9. Nf3 h6 10. Bf4 c6 11. O-O Nh5 12. Nxd5 Nxf4 13. Nxf4 Nf8 14.
Bc4 Bg4 15. Ne5 Be6 16. Nxe6 fxe6 17. Rac1 Bf6 18. Nd3 Kh8 19. Rfd1 Nd7 20. Nf4
Nf8 21. Nd3 Nd7 22. Ne5 Bxe5 23. dxe5 Qc7 24. f4 Nf8 25. a3 1/2-1/2

[Event "Grand Rapids (MI Am/4/25)"]
[Site "?"]
[Date "1995.??.??"]
[Round "?"]
[White "Vangilder, W."]
[Black "Fuson, R."]
[Result "1-0"]
[WhiteElo "1605"]
[BlackElo "1605"]
[PlyCount "79"]
[EventDate "1995.??.??"]

{4/(25)} 1. d4 Nf6 2. c4 d5 3. Nc3 e6 4. cxd5 exd5 5. Bg5 c6 6. e3 Bb4 7. Qc2
h6 8. Bh4 Nbd7 9. Bd3 Bxc3+ 10. Qxc3 Qb6 11. Bxf6 Nxf6 12. Nf3 O-O 13. O-O Ne4
14. Bxe4 dxe4 15. Nd2 Re8 16. Rfc1 Qd8 17. b4 Qg5 18. Nf1 Bh3 19. Ng3 Bg4 20.
a4 h5 21. Qc5 f5 22. Qc4+ Kh7 23. Qf1 f4 24. Rc5 Qh4 25. Ne2 Bxe2 26. Qxe2 g5
27. Rac1 Rf8 28. b5 f3 29. Qf1 g4 30. g3 Qf6 31. Rxh5+ Kg6 32. Rcc5 Rh8 33.
Rxh8 Rxh8 34. bxc6 bxc6 35. Qb1 Rxh2 36. Qxe4+ Kf7 37. Rf5 Rg2+ 38. Kf1 Qxf5
39. Qxf5+ Ke7 40. Qxg4 1-0

[Event "Gaylord (NMO/1/6)"]
[Site "?"]
[Date "1995.??.??"]
[Round "?"]
[White "Vangilder, W."]
[Black "Evans Sr., Thomas"]
[Result "1-0"]
[WhiteElo "1605"]
[BlackElo "1910"]
[PlyCount "89"]
[EventDate "1995.??.??"]

{1/(6)} 1. d4 e6 2. c4 d5 3. Nc3 Nf6 4. cxd5 Nxd5 5. Nxd5 Qxd5 6. Nf3 Bd7 7.
Bf4 Qa5+ 8. Bd2 Bb4 9. Bxb4 Qxb4+ 10. Qd2 Qxd2+ 11. Nxd2 Bb5 12. Rc1 c6 13. Nc4
O-O 14. Nd6 Ba6 15. e3 Bxf1 16. Rxf1 b6 17. Ke2 Rd8 18. Ne4 h6 19. Rfd1 f5 20.
Nd2 Rc8 21. Nf3 Nd7 22. Ne5 Nxe5 23. dxe5 c5 24. Rd7 Kf8 25. Rcd1 Re8 26. Rb7
Re7 27. Rdd7 Rxd7 28. Rxd7 a6 29. Rd6 b5 30. Rxe6 c4 31. Rd6 Ke7 32. Kd2 Rd8
33. Rxd8 Kxd8 34. Kc3 Kd7 35. a4 bxa4 36. Kxc4 g5 37. f4 Ke6 38. Kb4 h5 39.
Kxa4 Kd5 40. Ka5 g4 41. g3 Ke4 42. e6 Kf3 43. e7 Kg2 44. e8=Q Kxh2 45. Qxh5+
1-0

[Event "Ann Arbor (HVA/2/11)"]
[Site "?"]
[Date "1995.??.??"]
[Round "?"]
[White "Vangilder, W."]
[Black "Carlisle, S."]
[Result "1-0"]
[WhiteElo "1605"]
[BlackElo "1605"]
[PlyCount "71"]
[EventDate "1995.??.??"]

{2/(11)} 1. d4 Nf6 2. c4 e6 3. Nc3 d5 4. cxd5 Nxd5 5. Nxd5 exd5 6. Nf3 Nc6 7.
Bf4 Bd6 8. Bxd6 Qxd6 9. e3 a6 10. a3 O-O 11. Bd3 Ne7 12. Qc2 Ng6 13. O-O Bg4
14. Nd2 Rac8 15. b4 b5 16. Nb3 c6 17. Rfc1 f5 18. Qc5 Qc7 19. Na5 Rf6 20. Rc3
f4 21. Rac1 Ne7 22. e4 f3 23. e5 Rh6 24. gxf3 Bh3 25. Kh1 Rf8 26. Bf1 Bxf1 27.
Rxf1 Rf7 28. Rg1 Qc8 29. Rg3 Nf5 30. Rg4 Nh4 31. Nxc6 Rxc6 32. Qxc6 Qxc6 33.
Rxc6 Nxf3 34. Rc8+ Rf8 35. Rxf8+ Kxf8 36. Rf4+ 1-0